| 000 | 03146nam a2200289 4500 | ||
|---|---|---|---|
| 005 | 20251015084841.0 | ||
| 008 | 240828b |||||||| |||| 00| 0 eng d | ||
| 050 | 1 | 4 |
_aLG 221.R59 _bSa595 2024 |
| 100 | 1 | _aSantiago, Terence Justine B. | |
| 245 |
_aBaseline Assessment of Bamboo Weaving in Barangay San Andres, Tanay, Rizal _cTerence Justine B. Santiago, Mark Vincent S. Sentillas, Chris Jay G. Mariano, Florence I. Basino |
||
| 260 | _c2024 | ||
| 300 | _axv, 90 leaves | ||
| 336 |
_2rdacontent _atext |
||
| 337 |
_2rdamedia _aunmediated |
||
| 338 |
_2rdacontent _avolume |
||
| 502 |
_aThesis _bBachelor of Science in Tourism Management _cURS _d2024 |
||
| 520 | _aThis study on the baseline assessment of bamboo weaving in Barangay San Andres, Tanay, Rizal, aimed to comprehensively come up with baseline information of the traditional craft of the community by delving into the cultural and socio-economic dimensions of bamboo weaving. Bamboo weavers played a pivotal role as respondents in the study, shedding light on the profound significance of bamboo weaving within Barangay San Andres, Tanay, Rizal. Based on the findings of the study, majority of the respondents are married, female, high school undergraduates who are within the age of 36 and older. They are into bamboo weaving for 6-10 years, resides at Barangay San Andres for 16 years or more, and are also engaged in farming as their other source of income. The factors influencing the weavers' engagement include providing enough income to support daily needs and generating indigenous businesses for financial sustainability. Additionally, four out of eighteen respondents source the bamboo from others' lots, within an average land area of 1,075 square meters, costing PhP100.00 per piece. They utilize bamboo varieties such as "buho," "kawayan," and "bungkawi" in producing sawali measuring 7 feet by 7 feet. They produce approximately 10 units weekly, with an average gross sale of PhP2,500.00. These products are displayed at home and used for various purposes, reflecting significance in passing down traditional patterns, craftsmanship, and meeting market demand. The analysis concludes that bamboo split weaving/cladding serves as the primary livelihood for residents of Barangay San Andres, Tanay, Rizal. The area's ample bamboo resources ensure sustainability, yet preserving traditional techniques amidst societal progress remains a challenge. However, the younger generation's embrace of this craft bridges past and present, underscoring its economic and cultural significance. | ||
| 690 |
_aUN SDG 8 _aUN SDG 1 _aUN SDG 12 |
||
| 700 | 1 |
_aSentillas, Mark Vincent S. _eauthor |
|
| 700 | 1 |
_aMariano, Chris Jay G. _eauthor |
|
| 700 | 1 |
_aBasino, Florence I. _eauthor |
|
| 700 | 1 |
_aBumatay, Jesamel P. _edegree supervisor |
|
| 856 |
_3Link to View Online _uhttps://drive.google.com/drive/folders/1dBoeXNaCJC2i6hdw-Dgbc7TLq1K9J6pz?usp=drive_link |
||
| 856 |
_3Online Request for Student Unpublished Works _uhttps://forms.gle/iwQgJ2wFRviEt3BA8 |
||
| 856 | _uhttps://drive.google.com/file/d/1iVOcKYhi5JitnUmsFhEyQ9hbgV-zpMh7/view?usp=sharing | ||
| 942 |
_2lcc _cT |
||
| 999 |
_c86230 _d86228 |
||